| 000 | 00606nam a2200217Ia 4500 | ||
|---|---|---|---|
| 005 | 20230503110447.0 | ||
| 008 | 140110s9999 xx 000 0 und d | ||
| 020 |
_a9788120327115 _cRs.325.00 |
||
| 040 | _aLoreto College | ||
| 041 | _aEnglish | ||
| 082 |
_a658.3 _bPAT |
||
| 100 | _aPattanayak,Biswajeet | ||
| 245 |
_aHuman resource management _cBiswajeet Pattanayak |
||
| 260 |
_aNew Delhi _bPHI Learning _c2010 |
||
| 300 | _axvii,484p | ||
| 504 | _aIncludes bibliographical references and index | ||
| 650 | _aHuman resource management | ||
| 651 | _aManagement | ||
| 850 | _aLCLIB | ||
| 942 | _cBK | ||
| 999 |
_c37555 _d88034 |
||